00568 a2200169 450000500170000000800410001702000180005804000510007604100080012710000330013524500800016825000100024826000450025830000330030350000210033660000410035720140903175000.0131212s2010 sp a fr|||| 001 0dspa d a9788432132476 aCO-BoUCMbspacJose A. GerenadDiana Londoño00aspa1 aVásquez de Prada, Andrés10aSir Tomás Moro. Lord Canciller de InglaterracAndrés Vázquez de Prada a8a Ed bEdiciones RialpaMadrid (España)c2010 a430 páginasbilustraciones aIncluye índice 1aMoro, Tomás, Sir, Santod1478-1535